| 000 | 01642nam a2200409 i 4500 | ||
|---|---|---|---|
| 001 | 70758 | ||
| 003 | Mx-PuUPA | ||
| 005 | 20231201141531.0 | ||
| 008 | 231129s2012 sp a gr 000 0 spa d | ||
| 017 | _aZ-10-2012 | ||
| 020 | _a9788492902859 | ||
| 040 |
_cMx-PuUPA _aMx-PuUPA _bspa _dMx-PuUPA _erda |
||
| 041 | 0 | _aspa | |
| 100 | 1 |
_aLang, Noël, _915182 _eautor |
|
| 245 | 1 | 0 |
_aDowntown : _bun cómic / _cde Noël Lang y Rodrigo García ; editor, Ricardo Esteban Plaza |
| 246 | 3 | 0 |
_aDowton : _bun cómic de Noël Lang y Rodrigo García |
| 246 | 1 | 4 |
_aDowntown : _b"me llamo Blo. tengo síndomre de Down, una novia, muchos amigos y un disco favotrito". |
| 250 |
_aPrimera edición / _bmarzo |
||
| 264 | 1 |
_aMadrid, España : _bDibbuks, _c2012 |
|
| 300 |
_a1 volumen (sin paginación) : _bilustraciones (en color) ; _c21 cm |
||
| 336 |
_2rdacontent _atexto _btxt |
||
| 336 |
_2rdacontent _aimagen fija _bsti |
||
| 337 |
_2rdamedia _asin medio _bn |
||
| 338 |
_2rdacarrier _avolumen _bnc |
||
| 500 | _a"A Pa(blo)". -- Página legal | ||
| 650 | 7 |
_2armarc _aNiños con discapacidades mentales _xComics, tiras cómicas, etc. _v |
|
| 650 | 7 |
_2armarc _aSíndrome de Down _xComics, tiras cómicas, etc. _v |
|
| 650 | 7 |
_2armarc _aLibros y lectura para niños |
|
| 650 | 7 |
_2armarc _aSíndrome de Down _xHistorietas ilustradas |
|
| 700 | 1 |
_aGarcía, Rodrigo, _eilustrador |
|
| 700 | 1 |
_aEsteban Plaza, Ricardo, _eeditor |
|
| 942 |
_2ddc _cLI _h741.5 _iL243 |
||
| 999 |
_c70758 _d70758 |
||